00359nam a2200145Ia 4500008004100000084001200041100002500053245002200078250002000100260002200120260000900142260001300151300001400164500003500178180424s9999 xx 000 0 und d a540 S26 a"Scarlett, Andrew J" 0aCollege Chemistry a\\195600ENGGPSX aHenry Holt and Co b1956 cNew York aviii+499p aincludes index and biblioraphy